Programové zabezpečenie výučby odborných predmetov na študijnom odbore ekonomicko-matematické výpočty záverečná správa samostatnej úlohy RS-VII-1-06.1/07

Salvato in:
Dettagli Bibliografici
Natura: Libro
Lingua:slovacco
Pubblicazione: Bratislava VŠE 1990
Tags: Aggiungi Tag
Nessun Tag, puoi essere il primo ad aggiungerne!!

MARC

LEADER 00000nam a2200000 4500
001 c034323
005 20260325074925.3
041 0 |a slo 
044 |a SK 
245 1 0 |a Programové zabezpečenie výučby odborných predmetov na študijnom odbore ekonomicko-matematické výpočty  |b záverečná správa samostatnej úlohy RS-VII-1-06.1/07 
264 1 |a Bratislava  |b VŠE  |c 1990 
300 |a 30 s.